Kaikki ENCE:ssä pelanneet CS-pelaajat - Statistics

Yleistilastot
  • Tätä visaa on pelattu 37 kertaa
    6 viimeisimmän päivityksen jälkeen
  • Keskiarvotulos 17 / 55
Vastaustilastot
Maa Tulovuosi Lähtövuosi Pelaajan nick % Oikein
Suomi 2016 (2018) 2019 Aleksib
100%
Suomi 2018 2021 Aerial
50%
Suomi 2013 (2018) 2022 allu
50%
Puola 2021 2024 dycha
50%
Tanska 2023 2025 gla1ve
50%
Suomi 2020 2021 Jamppi
50%
Suomi 2025 2026 myltsi
50%
Suomi 2013 2014 natu
50%
Suomi 2024 Aktiivinen podi
50%
Suomi 2018 2021 sergej
50%
Israel 2021 2022 Spinx
50%
Suomi 2013 (2019) 2021 suNny
50%
Suomi 2018 2020 xseveN
50%
Suomi 2016 (2017) 2017 arvid
25%
Suomi 2013 (2014) 2014 aslak
25%
Suomi 2014 2014 disturbed
25%
Suomi 2020 2022 doto
25%
Saksa (valmentaja) 2024 Aktiivinen enkay J
25%
Puola 2026 Aktiivinen F1KU
25%
Puola 2023 2024 Goofy
25%
Puola 2021 (2023) 2024 hades
25%
Suomi 2017 2017 joel b
25%
Suomi 2014 2014 jOELZ
25%
Suomi 2016 2016 Juho
25%
Suomi 2014 2014 KHRN
25%
Puola 2026 Aktiivinen kRaSnaL
25%
Puola (valmentaja) 2023 2024 kuben
25%
Puola 2023 2024 Kylar
25%
Suomi 2017 2017 Leaf
25%
Montenegro 2022 2023 maden
25%
Suomi 2014 2014 makke
25%
Suomi 2013 2013 mkzz
25%
Suomi 2013 (2016) 2016 naSu
25%
Ranska 2024 Aktiivinen Neityu
25%
Israel 2023 2023 NertZ
25%
Suomi 2017 2017 ociriz
25%
Suomi 2014 2014 reflex
25%
Suomi 2017 2017 rEplan
25%
Suomi 2013 2013 reVicer
25%
Sveitsi 2025 2026 rigoN
25%
Suomi 2021 2021 SADDYX
25%
Suomi 2013 2013 SAGGERTON
25%
Suomi (valmentaja) 2020 2023 sAw
25%
Ukraina 2024 Aktiivinen sdy
25%
Suomi 2013 2013 shaker
25%
Tanska 2021 2023 Snappi
25%
Suomi 2016 2016 stonde
25%
Espanja 2022 2023 SunPayus
25%
Suomi 2016 2016 tomsku
25%
Suomi (valmentaja) 2018 2020 Twista
25%
Tanska 2022 2023 valde
25%
Suomi 2013 (2016) 2016 xartE
25%
Puola 2024 2025 xKacpersky
25%
Suomi 2013 2013 dRiim
0%
Suomi 2014 2014 ScurK
0%
Ehtoja vastaavia visoja ei löytynyt
Tulosjakauma
Jokaisen tuloksen saaneiden osuus
Persentiili vastausten määrän mukaan
Tuloshistoriasi
Et ole pelannut tätä visaa sen viimeisimmän päivityksen jälkeen